1277 1559 1631 1397 1038 1961 1628 1151 1598 1436 1804 1720 1186 1239 1830 1132 1688 1421 1271 1377 1831 2000 1261 1030 1902 1114 1886 2000 1339 1016 1074 1276 1841 1081 1515 1422 1796 1805 1571 1917 1302 1178 1866 1259 1416 1374 1424 1252 1347 1375 1792 1209 1218 1645 1850 1262 1593 1338 1618 1664 1873 1525 1689 1560 1111 1900 1733 1491 1122 1741 1698 1123 1443 1749 1059 1095 1451 1228 1398 1176 1724 1413 1184 1407 1040 1278 1151 1029 1864 1655 1191 1855 1371 1783 1871 1278 1035 1050 1595 BCNSPRNW ULIB Ver.6.0+V

เปลี่ยนเป็นภาษาไทย

Change to English
 แสดงรายละเอียดบรรณานุกรม
  กลับหน้าหลัก

Brief Record : Get Marc (ISO 2709) : E-mail record : QR code < ปิดหน้าต่าง
LEADER : 00000nam 2200000uu 4500
001    13399127788
003     ULIB
008    210824s2563||||th 000 0 tha d
020    ^a9786168035597
060  4 ^aWO100^bต367
245 00 ^aตำราศัลยศาสตร์น่ารู้ /^cสุขไชย สาทถาพร ... [และคนอื่น ๆ]
260    ^aกรุงเทพฯ :^bโครงการตำรา วิทยาลัยแพทยศาสตร์พระมงกุฎเกล้า,^c2563
300    ^a662 หน้า :^bภาพประกอบ
650  2 ^aGeneral Surgery
650  4 ^aศัลยศาสตร์
700 0  ^aสุขไชย สาทถาพร
710 2  ^aวิทยาลัยแพทยศาสตร์พระมงกุฎเกล้า.^bโครงการตำรา
945    ^p850^l0^i008190
945    ^p850^l0^i008191
945    ^p850^l0^i008192
945    ^p850^l0^i008193
945    ^p850^l0^i008194
945    ^p850^l0^i008195
945    ^p850^l0^i008196
999    ^aประนอม เกษจรัล
รายการนี้ยังไม่มีแท็ก
คุณยังไม่ได้ล็อกอิน คุณสามารถมีกิจกรรมร่วมกับเว็บไซต์ได้ แต่ต้องล็อกอินก่อน ::
  ล็อกอิน

รายการสื่อสารสนเทศ

ลำดับที่ ประเภท เลขเรียก/บาร์โค้ด สถานที่ สถานะ
1. วิทยาศาสตร์การแพทย์ และสุขภาพ
หนังสือสำรอง
สถานะ=หนังสือสำรอง
WO100 ต367 ฉ.1 
  Barcode: 008190
ห้องสมุดวิทยาเขตสวรรค์ประชารักษ์
►หนังสือทั่วไป
บนชั้น
2. วิทยาศาสตร์การแพทย์ และสุขภาพ
วิทยาศาสตร์การแพทย์ และสุขภาพ
WO100 ต367 ฉ.2 
  Barcode: 008191
ห้องสมุดวิทยาเขตสวรรค์ประชารักษ์
►หนังสือทั่วไป
บนชั้น
3. วิทยาศาสตร์การแพทย์ และสุขภาพ
วิทยาศาสตร์การแพทย์ และสุขภาพ
WO100 ต367 ฉ.3 
  Barcode: 008192
ห้องสมุดวิทยาเขตสวรรค์ประชารักษ์
►หนังสือทั่วไป
บนชั้น
4. วิทยาศาสตร์การแพทย์ และสุขภาพ
วิทยาศาสตร์การแพทย์ และสุขภาพ
WO100 ต367 ฉ.4 
  Barcode: 008193
ห้องสมุดวิทยาเขตสวรรค์ประชารักษ์
►หนังสือทั่วไป
บนชั้น
5. วิทยาศาสตร์การแพทย์ และสุขภาพ
วิทยาศาสตร์การแพทย์ และสุขภาพ
WO100 ต367 ฉ.5 
  Barcode: 008194
ห้องสมุดวิทยาเขตสวรรค์ประชารักษ์
►หนังสือทั่วไป
บนชั้น
6. วิทยาศาสตร์การแพทย์ และสุขภาพ
วิทยาศาสตร์การแพทย์ และสุขภาพ
WO100 ต367 ฉ.6 
  Barcode: 008195
ห้องสมุดวิทยาเขตสวรรค์ประชารักษ์
►หนังสือทั่วไป
บนชั้น
7. วิทยาศาสตร์การแพทย์ และสุขภาพ
วิทยาศาสตร์การแพทย์ และสุขภาพ
WO100 ต367 ฉ.7 
  Barcode: 008196
ห้องสมุดวิทยาเขตสวรรค์ประชารักษ์
►หนังสือทั่วไป
บนชั้น

รายการใกล้เคียง
    หัวเรื่อง [General Surgery]
    หัวเรื่อง [ศัลยศาสตร์]

BibComment


ยังไม่เคยถูกคอมเมนท์

คอมเมนท์ทรัพยากรรายการนี้
  คอมเมนท์: ตำราศัลยศาสตร์น่..


 Copyright 2026. Bcnsprnw @Library